|
|
|
|
| LEADER |
00000nab a2200000 a 4500 |
| 001 |
vtls000105395 |
| 003 |
SK-MaSNL |
| 005 |
20260304074627.0 |
| 008 |
250423c1981 xo 0 slo |
| 015 |
|
|
|a SNBRB19rr/mm-uuuuu
|
| 035 |
|
|
|a CL0115498
|
| 035 |
|
|
|a urn:nbn:sk:snk-abbal7
|
| 035 |
|
|
|a (urnnbn)urn:nbn:sk:snk:ar-00499d
|
| 035 |
|
|
|a (uuid)a01f0e1c-a4bf-4bc2-8b2b-08c9558cb0cd
|
| 040 |
|
|
|a SNKBUCL
|b slo
|c SNKBUCL
|e AACR2
|
| 041 |
0 |
|
|a slo
|
| 044 |
|
|
|a xo
|c SK
|
| 080 |
|
|
|a 82.09:840-3(048)
|2 1981
|
| 080 |
|
|
|a 840-3(048)
|2 1981
|
| 100 |
1 |
|
|a Bednárová, Katarína,
|d 1954-
|4 aut
|9 156018
|
| 245 |
1 |
0 |
|a René - Victor Pilhes: Zlorečiteľ
|c Katarína Bednárová ; René - Victor Pilhes
|
| 650 |
0 |
7 |
|a romány spoločenské
|2 snkbucl
|9 402806
|
| 650 |
0 |
7 |
|a romány detektívne
|2 snkbucl
|9 570700
|
| 655 |
|
7 |
|a články z novín a časopisov
|2 snkbucl
|9 267496
|
| 655 |
|
7 |
|a články z odboru literárna veda a krásna literatúra
|2 snkbucl
|9 770045
|
| 700 |
1 |
|
|a Pilhes, René
|4 aut
|9 1008140
|
| 700 |
1 |
|
|a Victor
|4 aut
|9 1364325
|
| 773 |
0 |
|
|t Revue svetovej literatúry
|g Roč. 17, č. 6 (1981), s. 183-185
|
| 787 |
0 |
8 |
|i Rec.:
|a Pilhes, René
|t Zlorečiteľ
|d Bratislava : Slovenský spisovateľ, 1980
|
| 850 |
|
|
|a Slovenská národná knižnica
|
| 852 |
|
|
|a Slovenská národná knižnica
|
| 958 |
|
|
|a article15
|
| 958 |
|
|
|a RK
|
| 958 |
|
|
|a LX
|
| 958 |
|
|
|a OND
|
| 958 |
|
|
|a EUIPO
|
| 999 |
|
|
|c 2777093
|d 2779023
|